| 000 | 00479cam a2200193ua 4500 | ||
|---|---|---|---|
| 001 | 5408 | ||
| 005 | 20260515113858.0 | ||
| 008 | 120901n ii |||gr||||Z||||||eng | ||
| 040 | _cMAIN | ||
| 082 | _a823 | ||
| 100 | 1 |
_aDickens, Charles, _eAuthor, |
|
| 245 | 1 | 1 |
_aGreat expectations _cby Charles Dickens |
| 250 | _a15th. | ||
| 260 |
_aNew Delhi: _bRama Brothers, _c1995. |
||
| 300 |
_a227p: _c23cm. |
||
| 653 | _aEnglish fiction | ||
| 700 | 1 |
_aLall, Ramji, _eEditor, |
|
| 942 | _cBK | ||
| 999 |
_c4585 _d4585 |
||